Formel 1 Fahrerwertung 2021 - Statistiken

Allgemein
  • Dieses Quiz wurde 680 mal gespielt
  • Das Durchschnittsergebnis liegt bei 15 aus 21
Antwortstatistiken
Platzierung Punkte Fahrer % Korrekt
1 395,5 Max Verstappen
100%
2 387,5 Lewis Hamilton
99%
3 226 Valtteri Bottas
95%
4 190 Sergio Perez
94%
5 164,5 Carlos Sainz
88%
7 159 Charles Leclerc
86%
6 160 Lando Norris
86%
8 115 Daniel Ricciardo
78%
9 110 Pierre Gasly
74%
19 0 Mick Schumacher
72%
11 74 Esteban Ocon
71%
10 81 Fernando Alonso
71%
12 43 Sebastian Vettel
71%
13 34 Lance Stroll
69%
21 0 Nikita Masepin
69%
15 16 George Russell
62%
17 7 Nicholas Latifi
62%
14 32 Yuki Tsunoda
62%
16 10 Kimi Räikkönen
51%
18 3 Antonio Giovinazzi
47%
20 0 Robert Kubica
35%
Keine übereinstimmenden Quizze gefunden
Verteilung der Resultate
Anzahl Personen mit jedem Resultat
Perzentil nach korrekt beantworteten Fragen
Ihre Resultats-Entwicklung
Sie haben dieses Quiz noch nicht gespielt